Statistiche per Città del Mondiale Qatar 2022

Clicka qui per fare il quiz!

Statistiche generali

  • Questo quiz è stato fatto 8 volte
  • Il punteggio medio è 2 su 5

Statistiche sulle risposte

Risposta% Corretto
Doha
88%
Lusail
75%
Al Rayyan
13%
Al Wakrah
13%
Al Khor
0%

Distribuzione punteggi

Percentile per numero di risposta

Percentuale di utenti per punteggio

I tuoi punteggi nel tempo

Non hai fatto questo quiz